| 000 | 00849cam a22002055a 4500 | ||
|---|---|---|---|
| 001 | L156082 | ||
| 008 | 120430s1844 xxk f 000 0 eng d | ||
| 035 | _a(Sirsi) u156082 | ||
| 041 | 0 | _aeng | |
| 100 | 1 | _aBayldon, J. S. | |
| 245 | 0 | 0 |
_aBayldon's art of valuing rents and tillages, and the tenant's right on entering and quitting farms _bexplained by several specimens of valuations and remarks on the cultivation pursued on soils in different situations |
| 250 |
_a6th ed. _bcorr. and rev. by John Donaldson |
||
| 260 |
_aLondon _bPrinted for Longman, Brown, Green and Longmans _c1844 |
||
| 300 |
_aviii, 336 p., [1] leaf of plates _bill. _c23 cm. |
||
| 583 |
_aCondition reviewed _c20120620 _lcondition level 4 |
||
| 651 | 4 |
_aGreat Britain _y1707- |
|
| 690 |
_aLandlord and tenant _96252 |
||
| 700 | 1 |
_aDonaldson, John _d1799-1876 |
|
| 942 | _n0 | ||
| 999 |
_c114018 _d114018 |
||